Take the reins : (Record no. 111682)
[ view plain ]
| 000 -LEADER | |
|---|---|
| fixed length control field | 01957cam a2200493Ma 4500 |
| 001 - CONTROL NUMBER | |
| control field | ocn671814491 |
| 003 - CONTROL NUMBER IDENTIFIER | |
| control field | OCoLC |
| 005 - DATE AND TIME OF LATEST TRANSACTION | |
| control field | 20241220141109.0 |
| 008 - FIXED-LENGTH DATA ELEMENTS--GENERAL INFORMATION | |
| fixed length control field | 100414s2009 nyu j 000 1 eng d |
| 010 ## - LIBRARY OF CONGRESS CONTROL NUMBER | |
| LC control number | 2008928592 |
| 040 ## - CATALOGING SOURCE | |
| Original cataloging agency | CNPEM |
| Language of cataloging | eng |
| Transcribing agency | CNPEM |
| Modifying agency | OCLCQ |
| -- | BDX |
| -- | OCLCF |
| -- | UINTA |
| 020 ## - INTERNATIONAL STANDARD BOOK NUMBER | |
| International Standard Book Number | 9781416958406 (pbk.) |
| 020 ## - INTERNATIONAL STANDARD BOOK NUMBER | |
| International Standard Book Number | 1416958401 (pbk.) |
| 035 ## - SYSTEM CONTROL NUMBER | |
| System control number | (OCoLC)671814491 |
| 082 04 - DEWEY DECIMAL CLASSIFICATION NUMBER | |
| Classification number | [Fic] |
| 049 ## - LOCAL HOLDINGS (OCLC) | |
| Holding library | UCLB |
| 092 ## - LOCALLY ASSIGNED DEWEY CALL NUMBER (OCLC) | |
| Classification number | BURKHART |
| 100 1# - MAIN ENTRY--PERSONAL NAME | |
| Personal name | Burkhart, Jessica. |
| 9 (RLIN) | 5730022 |
| 245 10 - TITLE STATEMENT | |
| Title | Take the reins : |
| Remainder of title | Canterwood Crest: Book 1 / |
| Statement of responsibility, etc | Jessica Burkhart. |
| 250 ## - EDITION STATEMENT | |
| Edition statement | 1st Aladdin Paperbacks ed. |
| 260 ## - PUBLICATION, DISTRIBUTION, ETC. (IMPRINT) | |
| Place of publication, distribution, etc | New York ; |
| -- | Toronto : |
| Name of publisher, distributor, etc | Simon & Schuster Childrens Pub., |
| Date of publication, distribution, etc | 2009. |
| 300 ## - PHYSICAL DESCRIPTION | |
| Extent | 249 p. |
| 490 1# - SERIES STATEMENT | |
| Series statement | Canterwood Crest. 1 |
| 490 0# - SERIES STATEMENT | |
| Series statement | Canterwood Crest ; |
| Volume number/sequential designation | 1 |
| 500 ## - GENERAL NOTE | |
| General note | "Aladdin Mix." |
| 520 ## - SUMMARY, ETC. | |
| Summary, etc | Sasha and her horse, Charm, arrive in campus of the elite Canterwood Crest Academy, where is not exactly welcomed with open arms. Sasha is determined to prove she belongs and make the advanced riding team by the end of her first semester. |
| 521 8# - TARGET AUDIENCE NOTE | |
| Target audience note | "Ages 9-13"--P. [4] of cover. |
| 650 #0 - SUBJECT ADDED ENTRY--TOPICAL TERM | |
| Topical term or geographic name as entry element | Boarding schools |
| Form subdivision | Juvenile fiction. |
| 9 (RLIN) | 5680819 |
| 650 #0 - SUBJECT ADDED ENTRY--TOPICAL TERM | |
| Topical term or geographic name as entry element | Riding schools |
| Form subdivision | Juvenile fiction. |
| 9 (RLIN) | 5710294 |
| 650 #0 - SUBJECT ADDED ENTRY--TOPICAL TERM | |
| Topical term or geographic name as entry element | Horses |
| Form subdivision | Juvenile fiction. |
| 9 (RLIN) | 5674797 |
| 650 #0 - SUBJECT ADDED ENTRY--TOPICAL TERM | |
| Topical term or geographic name as entry element | Schools |
| Form subdivision | Juvenile fiction. |
| 9 (RLIN) | 6273582 |
| 650 #7 - SUBJECT ADDED ENTRY--TOPICAL TERM | |
| Topical term or geographic name as entry element | Boarding schools. |
| Source of heading or term | fast |
| -- | (OCoLC)fst00835102 |
| 9 (RLIN) | 6273583 |
| 650 #7 - SUBJECT ADDED ENTRY--TOPICAL TERM | |
| Topical term or geographic name as entry element | Horses. |
| Source of heading or term | fast |
| -- | (OCoLC)fst00960603 |
| 9 (RLIN) | 6273584 |
| 650 #7 - SUBJECT ADDED ENTRY--TOPICAL TERM | |
| Topical term or geographic name as entry element | Riding schools. |
| Source of heading or term | fast |
| -- | (OCoLC)fst01097792 |
| 9 (RLIN) | 6273585 |
| 650 #7 - SUBJECT ADDED ENTRY--TOPICAL TERM | |
| Topical term or geographic name as entry element | Schools. |
| Source of heading or term | fast |
| -- | (OCoLC)fst01107958 |
| 9 (RLIN) | 6273586 |
| 655 #7 - INDEX TERM--GENRE/FORM | |
| Genre/form data or focus term | Fiction. |
| Source of term | fast |
| -- | (OCoLC)fst01423787 |
| 9 (RLIN) | 5673940 |
| 655 #7 - INDEX TERM--GENRE/FORM | |
| Genre/form data or focus term | Juvenile works. |
| Source of term | fast |
| -- | (OCoLC)fst01411637 |
| 9 (RLIN) | 5673941 |
| 830 #0 - SERIES ADDED ENTRY--UNIFORM TITLE | |
| Uniform title | Canterwood Crest. |
| Number of part/section of a work | 1. |
| 9 (RLIN) | 6273587 |
| 800 1# - SERIES ADDED ENTRY--PERSONAL NAME | |
| Personal name | Burkhart, Jessica. |
| Title of a work | Canterwood Crest. |
| 9 (RLIN) | 5866056 |
| 938 ## - | |
| -- | Brodart |
| -- | BROD |
| -- | 11650672 |
| -- | $17.20 |
| 942 ## - ADDED ENTRY ELEMENTS (KOHA) | |
| Koha item type | BOOK |
| 994 ## - | |
| -- | C0 |
| -- | UINTA |
| 998 ## - LOCAL CONTROL INFORMATION (RLIN) | |
| -- | a187511 |
| Withdrawn status | Lost status | Source of classification or shelving scheme | Damaged status | Not for loan | Collection code | Home library | Current library | Shelving location | Date acquired | Cost, normal purchase price | Total Checkouts | Total Renewals | Full call number | Barcode | Checked out | Date last seen | Date checked out | Cost, replacement price | Price effective from | Koha item type |
|---|---|---|---|---|---|---|---|---|---|---|---|---|---|---|---|---|---|---|---|---|
| Long Overdue (Lost) | Dewey Decimal Classification | Junior Fiction | Wasatch County Library | Wasatch County Library | Main Floor Junior Area | 05/14/2009 | 5.99 | 64 | 8 | J Bur | 34301000831836 | 08/13/2022 | 06/16/2022 | 06/16/2022 | 5.99 | 03/20/2020 | BOOK |
